000 00255nam a2200097Ia 4500
005 20251222114415.0
008 251222s1900||||xx |||||||||||||| ||spa||
082 _aDVD0092/U61/2006
245 0 _aTras las huellas de Jesucristo - La Sábana Santa:
942 _cDVD
999 _c2180
_d2180